Languages of Soccer Players - Statistics

General Stats
  • This quiz has been taken 53 times
  • The average score is 18 of 33
Answer Stats
Player Answer % Correct
Ronaldo English
95%
Messi Spanish
93%
Ronaldo Portuguese
80%
Ronaldo Spanish
80%
Mbappe French
70%
De Bruyne English
68%
Ibrahimovic English
66%
Mbappe English
66%
Ronaldo Italian
66%
De Bruyne French
64%
De Bruyne Dutch
59%
De Bruyne German
59%
Mané English
57%
Mbappe Spanish
57%
Lukaku English
55%
Mané French
52%
Ibrahimovic Italian
52%
Ibrahimovic Spanish
52%
Ibrahimovic Swedish
52%
Hakimi French
50%
Lukaku French
50%
Mané German
50%
Lukaku Dutch
48%
Lukaku German
45%
Lukaku Italian
45%
Messi Catalan
43%
Hakimi Arabic
39%
Hakimi Spanish
39%
Lukaku Spanish
36%
Lukaku Portuguese
32%
Ibrahimovic Bosnian
27%
Lukaku Flemish
18%
Mané Wolof
14%
No matching quizzes found
Score Distribution
Percent of People with Each Score
Percentile by Number Answered
Your Score History
You have not taken this quiz